00337nam a2200133Ia 4500008004100000041000800041082001500049100001500064245002700079250001400106260004100120300003100161365001100192240624s9999 xx 000 0 und d aeng a658.88 BAG aBAGCHI S K aCREDIT RISK MANAGEMENT a(2nd ed.) c2006aMumbaibJaico Publishing House axiv, : 350 : p. : cm. ; 21 cRSb30